| 000 | 00455pam a2200181 a 4500 | ||
|---|---|---|---|
| 020 | _a071671843X | ||
| 020 | _a0716719207 (pbk.) | ||
| 040 | _cDLC | ||
| 082 | 0 | 0 | _a574 W.H.F 1988 A033 Or. |
| 100 | 1 | _aStryer, Lubert. | |
| 245 | 1 | 0 | _aBiochemistry / |
| 250 | _a3rd ed. | ||
| 260 |
_aNew York : _bW.H. Freeman, _cc1988. |
||
| 300 |
_axxxii, 1089 p. : _bill. (some col.) ; _c29 cm. |
||
| 500 | _aIncludes index. | ||
| 650 | 0 | _aBiochemistry. | |
| 942 | _cEK | ||
| 999 |
_c12575 _d12575 |
||